| 000 | 00613nmm a2200193Ia 4500 | ||
|---|---|---|---|
| 008 | 251105s9999||||xx |||||||||||||||||und|| | ||
| 020 | _a9789871518760 | ||
| 041 | _aspa | ||
| 100 | _aLuque, Gustavo | ||
| 245 | 0 |
_aAlumnos extranjeros en las universidades argentinas : _b La escuela media más allá de las disciplinas |
|
| 264 |
_a[Buenos Aires, Argentina] : _bEduvim, _c2009 |
||
| 300 | _a126 páginas | ||
| 490 | _aCuadernos de investigación | ||
| 650 | _aEducation | ||
| 700 | _aLuque, Gustavo | ||
| 700 | 1 | _a Riveros, Lucía | |
| 856 | _uhttps://public.digitaliapublishing.com/a/14435 | ||
| 942 | _cCF | ||
| 999 |
_c68095 _d68095 |
||